Získavanie informácii pre potreby biomonitoringu prostredníctvom mobilného telefónu

Uložené v:
Podrobná bibliografia
Hlavný autor: Bombala, Martin (Autor)
Ďalší autori: Jelemenská, Katarína (Vedúci práce)
Médium: Rukopis Kniha
Jazyk:Slovak
Vydavateľské údaje: 2019
Predmet:
On-line prístup:http://is.stuba.sk/zp/portal_zp.pl?podrobnosti=134725
Tagy: Pridať tag
Žiadne tagy, Buďte prvý, kto otaguje tento záznam!

MARC

LEADER 00000ntm a22000003a 4500
001 stuzp75062
003 SK-STU
005 20190725131255.9
007 ta
008 150427s2015----xo-----f-mn---000-0-slo-d
040 |a STU  |b slo 
041 0 |a slo 
044 |a xo 
100 1 |a Bombala, Martin  |u 070400  |4 aut  |U FIIT Fakulta informatiky a informačných technológií  |T FIIT Ústav počítačového inžinierstva a aplikovanej informatiky  |X 85783  |U I400  |Y 672  |7 85783 
242 0 1 |a Obtaining information for the needs of biomonitoring via mobilephone  |y eng 
245 1 0 |a Získavanie informácii pre potreby biomonitoringu prostredníctvom mobilného telefónu 
260 |c 2019 
300 |e Neobsahuje CD-rom 
650 4 |a Android  |2 slo 
650 4 |a Biomonitoring  |2 slo 
650 4 |a Spánok  |2 slo 
650 4 |a Android  |2 eng 
650 4 |a Biomonitoting  |2 eng 
650 4 |a Sleep  |2 eng 
700 1 |a Jelemenská, Katarína  |u 070400  |k Z1  |4 ths  |U FIIT Fakulta informatiky a informačných technológií  |T FIIT Ústav počítačového inžinierstva a aplikovanej informatiky  |X 1867  |U I400  |Y 672  |7 1867 
856 4 |u http://is.stuba.sk/zp/portal_zp.pl?podrobnosti=134725 
996 |c I*BAP53/19  |l II680  |s P  |a 0  |w stuzp75062_0001